Normal view MARC view
  • Hammonds, Laura

Entry Nombre Personal

Number of records used in: 1

001 - NUMERO DE CONTROL

  • campo de control: 51337

003 - IDENTIFICADOR DE NUMERO DE CONTROL

  • campo de control: UPN

005 - FECHA Y HORA DE LA ÜLTIMA TRANSACCIÓN

  • campo de control: 20240312082046.0

008 - DATOS DE LONGITUD FIJA

  • campo de control de longitud fija: 240312|| aca||aabn | aaa d

040 ## - FUENTE DE CATALOGACIÓN

  • Agencia original de catalogación: MX-MxUPN
  • Lenguaje de catalogación: spa
  • Agencia de transcripción: MX-MxUPN

100 1# - ENCABEZAMIENTO - NOMBRE PERSONAL

  • Nombre personal: Hammonds, Laura

670 ## - FUENTE EN LA QUE SE LOCALIZARON DATOS

  • Cita de la fuente: LC, 12 marzo 2024:
  • Información localizada: (Hammonds, Rosalinde)
  • Uniform Resource Identifier: https://lccn.loc.gov/nb2005011105

902 ## - CATALOGADOR

  • Catalogador: MaríaRobles/120324